| 000 | 00792na a2200205 4500 | ||
|---|---|---|---|
| 001 | 21762 | ||
| 003 | MIRAKIL | ||
| 005 | 20181213155145.0 | ||
| 008 | 170207b tu 000 0 | ||
| 040 |
_aMilas _btur _cTR-AnCHP |
||
| 041 | _atur | ||
| 082 |
_a351.7222 _bI45 2007 |
||
| 090 | _a351.7222 İ45 2007 | ||
| 245 | _a2007 mali yılı genel ve katma bütçe kanun tasarıları ile 2005 mali yılı genel ve katma bütçe kesin hesap kanunu tasarılarının plan ve bütçe komisyonu görüşme tutanakları | ||
| 260 |
_a[Ankara] _b[yayl. y.] _c2006 |
||
| 300 |
_a112 s. _c23 sm. |
||
| 505 | _aBütçe ve kesinhesap kanunu tasarılarının tümü üzerine görüşmeler | ||
| 650 |
_aBütçe ve kesinhesap kanunu tasarıları _xBütçe Komisyonu _yTutanaklar, 2007 |
||
| 942 |
_2ddc _cBKS |
||
| 999 |
_c7630 _d7630 |
||